|
|
|
|
| LEADER |
00000naa0a2200000 4500 |
| 001 |
601805 |
| 005 |
20250902135252.0 |
| 035 |
|
|
|a (RuTPU)RU\TPU\tpu\26927
|
| 035 |
|
|
|a RU\TPU\tpu\26526
|
| 090 |
|
|
|a 601805
|
| 100 |
|
|
|a 20150304d2008 k y0rusy50 ca
|
| 101 |
0 |
|
|a rus
|
| 102 |
|
|
|a RU
|
| 200 |
1 |
|
|a Культурные традиции и зарубежные инновации: российский опыт
|f Е. Н. Роготнева, И. В. Мелик-Гайказян
|
| 320 |
|
|
|a Библиогр.: с. 36
|
| 333 |
|
|
|a В фонде НТБ ТПУ отсутствует
|
| 461 |
|
1 |
|t Труды Института теории образования ТГПУ
|o [сборник]
|d 2008
|
| 463 |
|
1 |
|t Вып. 3
|f Российская Федерация, Федеральное агентство по образованию (Рособразование) ; Томский государственный педагогический университет (ТГПУ) ; Институт теории образования ТГПУ ; [под ред. В. И. Дмитриенко]
|v С. 34-36
|d 2008
|
| 610 |
1 |
|
|a труды учёных ТПУ
|
| 610 |
1 |
|
|a образование
|
| 610 |
1 |
|
|a реформы
|
| 610 |
1 |
|
|a российское образование
|
| 610 |
1 |
|
|a наука
|
| 610 |
1 |
|
|a культура
|
| 610 |
1 |
|
|a образовательное пространство
|
| 610 |
1 |
|
|a культурные традиции
|
| 610 |
1 |
|
|a зарубежный опыт
|
| 610 |
1 |
|
|a Болонское соглашение
|
| 610 |
1 |
|
|a образовательные стандарты
|
| 686 |
|
|
|a 74.00
|2 rubbk
|
| 700 |
|
1 |
|a Роготнева
|b Е. Н.
|c социолог
|c доцент Томского политехнического университета, кандидат философских наук
|f 1976-
|g Елена Николаевна
|3 (RuTPU)RU\TPU\pers\26989
|9 12580
|
| 701 |
|
1 |
|a Мелик-Гайказян
|b И. В.
|
| 801 |
|
1 |
|a RU
|b 63413507
|c 20150119
|
| 801 |
|
2 |
|a RU
|b 63413507
|c 20150304
|g RCR
|
| 942 |
|
|
|c BK
|